000 00510nam a2200157Ia 4500
008 220204s9999 xx 000 0 und d
020 _a1843761904
082 _a504.38
_bGRI
100 _aGriffin, James M
245 0 _aGlobal climate change : The science, economics and politics
260 _aCheltenham, UK
_cEdward Elgar;2003
490 _aBush series in the economics of public policy. V.4;New Horizons in environmental economics
650 _aCarbon cycle
650 _aClimatic changes
942 _cBK
999 _c42251
_d42251